000 00392nam a22001697a 4500
003 MPLRDC
005 20220104124142.0
008 210129b ||||| |||| 00| 0 eng d
082 _a420 ZXW-2
100 _a张小汶编
245 _a家庭最佳拍档
_c
250 _a一版一刷
260 _a
_b广东旅游出版社
_c1988
300 _b
650 _a
942 _cBK
_o420 ZXW-2
999 _c17043
_d17033